| 000 | 00536nam a2200181 a 4500 | ||
|---|---|---|---|
| 005 | 20210219150945.0 | ||
| 008 | 991125s1969 bue 000 0 spa u | ||
| 035 | _aUPN01000024573 | ||
| 049 | _aCG | ||
| 050 | 4 | _aP106 M4.38 | |
| 100 | 1 |
_aMer _dleau-Ponty, |
|
| 245 | 1 | 0 |
_aFilosofía y lenguaje : _bCollége de france, 1952-1960 / _cMaurice Merleau-Ponty ; tr. de Hugo Acevedo |
| 260 |
_aBuenos Aires : _bProteo, _c1969 |
||
| 300 | _a142 p. | ||
| 440 | 0 |
_aEstudios y ensayos fundamentales; _v4 |
|
| 904 |
_aAC _b024574 |
||
| 905 | _aLibro | ||
| 999 |
_c24573 _d24573 |
||